| Tag |
First Indicator |
Second Indicator |
Subfields |
| LEADER |
00000cam a2200000 a 4500 |
| 001 |
in00000652821 |
| 005 |
20151015072501.0 |
| 008 |
810211s1980 wiua b 00110 engm |
| 010 |
|
|
|a 80146311
|
| 020 |
|
|
|a 0891540962 (pbk.) :
|c $35.00 ($20.00 to members)
|
| 035 |
|
|
|a (OCoLC)07062380
|
| 035 |
|
|
|9 ACX0156AM
|
| 040 |
|
|
|a DLC
|c DLC
|d m.c.
|d TXA
|d UtOrBLW
|
| 043 |
|
|
|a n-us---
|
| 049 |
|
|
|a TXAM
|c [385785]
|
| 050 |
0 |
0 |
|a HD7106.U5
|b J67
|
| 082 |
0 |
|
|a 332.6/7254
|2 19
|
| 100 |
1 |
|
|a Jost, Lee F.
|
| 245 |
1 |
0 |
|a Guide to professional benefit plan management and administration /
|c Lee F. Jost and C. Bruce Sutherland.
|
| 264 |
|
1 |
|a Brookfield, Wis. :
|b International Foundation of Employee Benefit Plans,
|c [1980]
|
| 264 |
|
4 |
|c ©1980
|
| 300 |
|
|
|a 405 pages :
|b illustrations ;
|c 28 cm.
|
| 336 |
|
|
|a text
|b txt
|2 rdacontent
|
| 337 |
|
|
|a unmediated
|b n
|2 rdamedia
|
| 338 |
|
|
|a volume
|b nc
|2 rdacarrier
|
| 504 |
|
|
|a Includes bibliographical references and index.
|
| 650 |
|
0 |
|a Pension trusts
|z United States
|x Management.
|
| 700 |
1 |
|
|a Sutherland, C. Bruce.
|
| 999 |
|
|
|a MARS
|
| 999 |
f |
f |
|s 1a384c3f-956e-3a46-ad75-49ca84328e66
|i 6cccf8a2-3a70-33fa-b4f8-c387d3125ed8
|t 0
|
| 952 |
f |
f |
|p ric
|a Texas A&M University
|b Rellis Campus
|c Joint Library Facility
|d Remote Storage
|t 0
|e HD7106.U5 J67
|h Library of Congress classification
|i unmediated -- volume
|m A14802696430
|
| 998 |
f |
f |
|a HD7106.U5 J67
|t 0
|l Remote Storage
|